000 00434nam a2200193Ia 4500
005 20240823031955.0
008 240823s9999||||xx |||||||||||||| ||und||
020 _a978-81-89998-03-5
041 _aENGLISH
082 _A426.24
100 _aNick Jackson
245 0 _aPublic Speaking
250 _a1st
260 _bThree Ess Public
500 _aYES
650 _aPublic Speaking
_bGeneral
942 _cBK
999 _c192341
_d192341